Top 50 Boys' Names in England & Wales in 1700 - Statistics

General Stats
  • This quiz has been taken 196 times
  • The average score is 32 of 50
Answer Stats
# Name % Correct
1 John
99%
5 James
98%
2 William
94%
10 George
92%
9 Henry
90%
13 Charles
88%
8 Edward
88%
16 Edward
88%
3 Thomas
87%
32 David
84%
18 Peter
83%
4 Richard
83%
6 Robert
83%
26 Michael
78%
14 Daniel
77%
50 Harry
76%
17 Matthew
76%
44 Mark
74%
31 Andrew
73%
7 Joseph
73%
11 Samuel
72%
23 Stephen
71%
15 Benjamin
70%
12 Francis
70%
46 Adam
63%
49 Luke
63%
21 Christopher
61%
20 Isaac
61%
25 Philip
61%
36 Jacob
59%
40 Walter
59%
28 Joshua
58%
45 Timothy
58%
35 Alexander
54%
19 Nicholas
54%
29 Anthony
52%
24 Jonathan
52%
47 Martin
50%
33 Simon
50%
39 Nathaniel
44%
22 Abraham
43%
37 Laurence
43%
41 Aaron
38%
27 Hugh
38%
34 Roger
38%
42 Jeremy
33%
43 Owen
33%
30 Ralph
28%
48 Josiah
21%
38 Moses
20%
No matching quizzes found
Score Distribution
Percent of People with Each Score
Percentile by Number Answered
Your Score History
You have not taken this quiz